000 00925nam a2200265 i 4500
001 12922
003 KOSZ 005
005 20191002090805.0
008 070812s1970 pl a f f 001 0 pol
015 _aPB 1970/9458
040 _aWA N
_cWA N
_dKOSZ 005/RW
080 _a621.1.01:536.7
100 1 _aOchęduszko, Stanisław
_d(1899-1969).
_eAutor
245 1 0 _aTermodynamika stosowana /
_cStanisław Ochęduszko.
250 _a3 wyd. popr. i uzup.
260 _aWarszawa :
_bWydawnictwa Naukowo-Techniczne,
_c1970.
300 _a690, [1] s., 5 k. tabl. :
_bil. ;
_c25 cm.
380 _aKsiążki.
504 _aBibliogr. s. 681-[682]. Indeks.
650 4 _aTermodynamika techniczna
655 4 _aPodręcznik
710 2 _aWydawnictwa Naukowo-Techniczne
_4pbl.
856 _uhttp://koha.tu.koszalin.pl/cgi-bin/koha/opac-detail.pl?biblionumber=12922
_yKatalog online BPK
942 _2UKD
_cKS
999 _c12922
_d12922